000 00487nam a2200169Ia 4500
003 IN-BaIIA
008 211028s9999 xx 000 0 eng d
040 _cIIA Library
080 _a521
_bLAG
100 _aLagrange
_91591
245 0 _aExposition critique de la mithode de wronski
_bpremis partie
_cLagrange
260 _aBrusells
_c1882
300 _a70p.
650 _aFrench
_91592
650 _aPlanetary theory.
_91593
942 _cBK
999 _c742
_d742